1300 1331 1736 1174 1352 1173 1090 1008 1581 1823 1787 1399 1130 1162 1168 1487 1006 1377 1506 1010 1114 1723 1156 1455 1861 1101 1198 1657 1568 1566 1244 1205 1872 1993 1133 1237 1187 1452 1691 1080 1185 1198 1684 1714 1674 1989 1333 1169 1777 1584 1166 1158 1781 1698 1518 1023 1961 1086 1077 1897 1079 1670 1079 1617 1001 1768 1020 1521 1537 1272 1997 1758 1517 1602 1645 1346 1384 1136 1855 1320 1955 1023 1013 1777 1763 1606 1344 1716 1208 1456 1816 1577 1817 1664 1466 1528 1072 1395 1095 BCNSPRNW ULIB Ver.6.0+V

เปลี่ยนเป็นภาษาไทย

Change to English
 แสดงรายละเอียดบรรณานุกรม
  กลับหน้าหลัก

Brief Record : Get Marc (ISO 2709) : E-mail record : QR code < ปิดหน้าต่าง
LEADER : 00000nam 2200000uu 4500
001    13399109962
003     ULIB
008    110419s2549||||th 000 0 tha d
020    9749507398
060 04 WE725^bส790ป 2546
100 0  สุรเกียรติ อาชานานุภาพ
245 10 ปวดเข่า (โรคข้อเข่าเสื่อม) =^bOsteoarthritis /^cสุรเกียรติอาชานานุภาพ
246 30 โรคข้อเข่าเสื่อม
246 31 Osteoarthritis
250    พิมพ์ครั้งที่ 2
260    กรุงเทพฯ :^bหมอชาวบ้าน,^c2549
300    32 หน้า :^bภาพประกอบ ;^c21 ซม.
440  0 100 เรื่อง 100 โรค ;^vเรื่องที่ 21
440  0 ร้อยเรื่อง ร้อยโรค ;^vเรื่องที่ 21
650  7 ข้อเข่า
650  7 ข้อเสื่อม
650  7 กระดูกและข้ออักเสบ
945    ^p50^l0^i017786
995    ทศพร
999 ^a ใช้งานได้ทุกระบบ
รายการนี้ยังไม่มีแท็ก
คุณยังไม่ได้ล็อกอิน คุณสามารถมีกิจกรรมร่วมกับเว็บไซต์ได้ แต่ต้องล็อกอินก่อน ::
  ล็อกอิน

รายการสื่อสารสนเทศ

ลำดับที่ ประเภท เลขเรียก/บาร์โค้ด สถานที่ สถานะ
1. วิทยาศาสตร์การแพทย์ และสุขภาพ
วิทยาศาสตร์การแพทย์ และสุขภาพ
สถานะ=หนังสือเก่า
WE725 ส790ป 2546 ฉ.1 
  Barcode: 017786
ห้องสมุดวิทยาเขตสวรรค์ประชารักษ์
►ส่วนจัดเก็บหนังสือเก่า สปร
บนชั้น
  ขอยืม

รายการใกล้เคียง
    ผู้แต่ง [สุรเกียรติ อาชานานุภาพ]

    หัวเรื่อง [ข้อเข่า]
    หัวเรื่อง [ข้อเสื่อม]
    หัวเรื่อง [กระดูกและข้ออักเสบ]

BibComment


ยังไม่เคยถูกคอมเมนท์

คอมเมนท์ทรัพยากรรายการนี้
  คอมเมนท์: ปวดเข่า โรคข้อเข่..


 Copyright 2026. Bcnsprnw @Library